Bilecik Bilecik Bilecik Bilecik Bilecik

Fezâ'il-i Kuds = (Record no. 63473)

MARC details
000 -BAŞLIK
Sabit Uzunluktaki Kontrol Alanı 01364nam a22003857a 4500
001 - KONTROL NUMARASI
Control Dosyası 0063677
003 - KONTROL NUMARASI KİMLİĞİ
Kontrol Alanı KOHA_MİRAKIL
005 - EN SON İŞLEM TARİHİ ve ZAMANI
Kontrol Alanı 20260207004448.0
007 - FİZİKSEL TANIM SABİT ALAN - GENEL BİLGİ
Sabit uzunluklu kontrol alanı ta
008 - SABİT UZUNLUKTAKİ VERİ ÖGELERİ - GENEL BİLGİ
Sabit Alan 190304b2017 tu |||gr||||#0|||0|tur |
020 ## - ISBN - ULUSLARARASI STANDART KİTAP NUMARASI
Isbn 9789751739988
040 ## - KATALOGLAMA KAYNAĞI
Özgün Kataloglama Kurumu TR-BiSEU
Kataloglama Dili tur
Çeviri Kurumu TR-BiSEU
Açıklama Kuralları rda
041 0# - DİL KODU
Metin ya da ses kaydının dil kodu tur
044 ## - YAYINLAYAN/ÜRETEN KURULUŞUN ÜLKE KODU
ISO country code tu
050 ## - SINIFLAMA ve YER NUMARASI
Sınıflama Numarası DS109.9
Yer Numarası .N24 2017
100 0# - KİŞİ ADI
Yazar Adı (Kişi adı) Nai'mi.
240 10 - TEK BİÇİM BAŞLIK
Tekbiçim Başlık <a href="Kudüs'ün faziletleri : (inceleme-metin-tıpkıbasım)">Kudüs'ün faziletleri : (inceleme-metin-tıpkıbasım)</a>
Language of a work Türkçe
245 1# - ESER ADI BİLDİRİMİ
Başlık Fezâ'il-i Kuds =
Alt Eseradı vb. Kudüs'ün faziletleri :
-- (inceleme-metin-tıpkıbasım)/
Sorumluluk Bildirimi Nai'mi ; Nai'mi; hazırlayan Yasin Çoşkun.
264 #1 - ÜRERİM, YAYIN, DAĞITIM ve TELİF BİLDİRİMİ
Yayın yeri Ankara :
Yayınlayan Tükiye Yazma Eserler Kurumu Başkanlığı
Yayın tarihi 2017
300 ## - FİZİKSEL TANIMLAMA
Sayfa, Cilt vb. 383 sayfa; 24 cm
336 ## - İÇERİK TÜRÜ
Content type term metin
Content type code txt
Source rdacontent
337 ## - MEDYA TÜRÜ
Media type term aracısız
Media type code n
Source rdamedia
338 ## - TAŞIYICI TÜRÜ
Carrier type term cilt
Carrier type code nc
Source rdacarrier
490 1# - DİZİ BİLDİRİMİ
Dizi Bildirimi Tükiye Yazma Eserler Kurumu Başkanlığı yayınları: 95 ;
Cilt Numarası Edebiyat ve Sanat Serisi: 22
500 ## - GENEL NOT
Genel Not Kaynakça var.
650 #0 - KONU BAŞLIĞI EK GİRİŞ - KONU TERİMİ
Konusal terim veya coğrafi ad İslam Tarihi.
9 (RLIN) 36971
650 #0 - KONU BAŞLIĞI EK GİRİŞ - KONU TERİMİ
Konusal terim veya coğrafi ad Kudüs.
9 (RLIN) 118104
650 #0 - KONU BAŞLIĞI EK GİRİŞ - KONU TERİMİ
Konusal terim veya coğrafi ad Osmanlı edebiyatı.
9 (RLIN) 79966
650 #0 - KONU BAŞLIĞI EK GİRİŞ - KONU TERİMİ
Konusal terim veya coğrafi ad İslam tarihi.
9 (RLIN) 7366
650 #0 - KONU BAŞLIĞI EK GİRİŞ - KONU TERİMİ
Konusal terim veya coğrafi ad History of Islam.
9 (RLIN) 36972
650 #0 - KONU BAŞLIĞI EK GİRİŞ - KONU TERİMİ
Konusal terim veya coğrafi ad Jerusalem--History.
9 (RLIN) 11466
830 1# - SERİ EK GİRİŞİ - TEKBİÇİM ESER ADI
Tekbiçim Başlık Tükiye Yazma Eserler Kurumu Başkanlığı yayınları: 95 ;
Volume number/sequential designation Edebiyat ve Sanat Serisi: 22
9 (RLIN) 118105
856 40 - ELEKTRONİK YER ve ERİŞİM
Kaynak Tanımlayıcı (URL) <a href="http://www.ekitap.yek.gov.tr/Home/Show2?BOOK_NO=95">http://www.ekitap.yek.gov.tr/Home/Show2?BOOK_NO=95</a>
907 ## - LOCAL DATA ELEMENT G, LDG (RLIN)
a Tarih
942 ## - EK GİRİŞ ÖGELERİ (KOHA)
Source of classification or shelving scheme Library of Congress Classification
Koha item type Book
Holdings
Materyal Türü Kalıcı Konum Mevcut Konum Raf Yeri Sınıflandırma Kaynağı Edinim Bilgisi Ana Konular Alt Konular Yer Numarası Demirbaş Numarası Fatura Tarihi Geri Çekilme Durumu Kayıp Durumu Hasarlı Durumu Kredi için değil Kayıt Tarih Toplam Ödünçverme Son Görülme Tarihi Son Kontrol Tarihi Genel / Bağış Notu
Book Prof. Dr. Azmi Özcan Kütüphanesi Prof. Dr. Azmi Özcan Kütüphanesi Uluğbey Salonu Library of Congress Classification Bağış DÜNYA TARİHİ (AVRUPA, ASYA, AFRİKA VB.) Asya DS109.9 .N24 2017 0063677 02/02/2026         04/03/2019   04/03/2025 04/03/2025 Türkiye Yazma Eserler Kurumu Başkanlığı